[Event "Moscow op-A 17th"]
[Site "Moscow"]
[Date "2021.02.23"]
[Round "4"]
[White "Silenko, Alexey"]
[Black "Akhmedov, David"]
[Result "0-1"]
[WhiteElo "1561"]
[BlackElo "1866"]
[PlyCount "88"]
[EventDate "2021.02.20"]
[EventType "swiss"]
[EventRounds "9"]
[EventCountry "RUS"]
[SourceTitle "CBM 200 Extra"]
[Source "ChessBase"]
[SourceDate "2021.03.31"]
[SourceVersion "1"]
[SourceVersionDate "2021.03.31"]
[SourceQuality "1"]

1. e4 c5 2. Nf3 Nc6 3. d4 cxd4 4. Nxd4 Nf6 5. Nc3 e5 6. Ndb5 d6 7. Bg5 a6 8. Na3 b5 9. Bxf6 gxf6 10. Nd5 f5 11. c3 fxe4 12. Bxb5 axb5 13. Nxb5 Be6 14. Nbc7+ Kd7 15. Nxa8 Bxd5 16. Qxd5 Qxa8 17. 0-0 f5 18. f3 Qa7+ 19. Kh1 exf3 20. Qxf3 Ne7 21. a4 Bg7 22. Rfd1 Ke6 23. Qd3 Qc7 24. a5 e4 25. Qc2 Be5 26. a6 Qb6 27. b4 Ra8 28. Qb3+ Kf6 29. b5 h5 30. Rac1 Rxa6 31. c4 Ra8 32. Qb4 Rc8 33. Rc2 h4 34. Rdc1 Qe3 35. Qe1 Qf4 36. Qg1 e3 37. c5 dxc5 38. Rxc5 Rxc5 39. Rxc5 e2 40. Rc1 Bd4 41. Qe1 Bf2 42. Qc3+ Kg6 43. Ra1 Bd4 44. Ra6+ Kh7 0-1

[Event "Moscow op-A 17th"]
[Site "Moscow"]
[Date "2021.02.21"]
[Round "2"]
[White "Silenko, Alexey"]
[Black "Galkin, Leonid1"]
[Result "0-1"]
[WhiteElo "1561"]
[BlackElo "1914"]
[PlyCount "50"]
[EventDate "2021.02.20"]
[EventType "swiss"]
[EventRounds "9"]
[EventCountry "RUS"]
[SourceTitle "CBM 200 Extra"]
[Source "ChessBase"]
[SourceDate "2021.03.31"]
[SourceVersion "1"]
[SourceVersionDate "2021.03.31"]
[SourceQuality "1"]

1. e4 c5 2. Nf3 e6 3. d4 cxd4 4. Nxd4 Nf6 5. Nc3 Nc6 6. Nxc6 bxc6 7. Be3 d5 8. e5 Nd7 9. f4 Qa5 10. Qd2 Rb8 11. Qc1 Ba3 12. bxa3 Qxc3+ 13. Bd2 Qd4 14. Bd3 Nc5 15. Be2 Ne4 16. Be3 Qc3+ 17. Kf1 0-0 18. Bd3 f6 19. Bxe4 dxe4 20. exf6 Rxf6 21. Kf2 Rb2 22. Kg1 Rxc2 23. Qe1 Qb2 24. Rb1 Rxg2+ 25. Kf1 Ba6+ 0-1

[Event "Moscow Time of the First U11"]
[Site "Moscow"]
[Date "2019.06.18"]
[Round "3"]
[White "Silenko, Alexey"]
[Black "Pogosyan, Arkadiy"]
[Result "1-0"]
[WhiteElo "1431"]
[BlackElo "1007"]
[PlyCount "49"]
[EventDate "2019.06.17"]
[EventType "swiss"]
[EventRounds "9"]
[EventCountry "RUS"]
[SourceTitle "EXT 2021"]
[Source "ChessBase"]
[SourceDate "2020.10.23"]
[SourceVersion "1"]
[SourceVersionDate "2020.10.23"]
[SourceQuality "1"]

1. e4 e6 2. d4 d5 3. Nc3 Bb4 4. e5 c5 5. a3 cxd4 6. axb4 dxc3 7. Qg4 g6 8. Bb5+ Bd7 9. Bxd7+ Nxd7 10. Nf3 cxb2 11. Bxb2 Qc7 12. Rc1 0-0-0 13. c4 Kb8 14. cxd5 Qb6 15. 0-0 exd5 16. e6 Ngf6 17. Qg3+ Ka8 18. exd7 Nh5 19. Qc7 Qxc7 20. Rxc7 Rhf8 21. g4 Nf4 22. Bf6 Rb8 23. d8Q Rfxd8 24. Bxd8 Rxd8 25. Rxf7 1-0

[Event "Wch U10 blitz"]
[Site "Minsk"]
[Date "2018.06.24"]
[Round "9"]
[White "Vetokhin, Savva"]
[Black "Silenko, Alexey"]
[Result "1-0"]
[WhiteElo "1584"]
[BlackElo "1273"]
[PlyCount "145"]
[EventDate "2018.06.24"]
[EventType "swiss (blitz)"]
[EventRounds "9"]
[EventCountry "BLR"]
[SourceTitle "EXT 2019"]
[Source "ChessBase"]
[SourceDate "2018.10.10"]
[SourceVersion "1"]
[SourceVersionDate "2018.10.10"]
[SourceQuality "1"]

1. d4 d5 2. Nc3 Nf6 3. Bf4 c5 4. e3 Nc6 5. Nf3 Bg4 6. Be2 e6 7. h3 Bf5 8. Bd3 Bxd3 9. Qxd3 Be7 10. 0-0 0-0 11. Rad1 Qd7 12. dxc5 Bxc5 13. e4 d4 14. Na4 b6 15. Nxc5 bxc5 16. Bg5 e5 17. Bxf6 gxf6 18. Nh4 Kh8 19. Nf5 Rg8 20. Qf3 Qe6 21. Qh5 Rg5 22. Qh6 Rag8 23. g3 Ne7 24. Nxe7 Qxe7 25. Qh4 Qe6 26. b3 f5 27. Kh2 fxe4 28. Qxe4 Qg6 29. Qxg6 R8xg6 30. Rfe1 Ra6 31. a4 Rf5 32. Kg2 Raf6 33. Re2 Rf3 34. Rde1 Rc3 35. Rc1 Rff3 36. Rxe5 Rfd3 37. cxd3 Rxc1 38. Kf3 Rc3 39. Ke4 Kg7 40. f4 Rxb3 41. Rxc5 Rb1 42. Kxd4 Rb4+ 43. Rc4 Rb1 44. Rc7 Rh1 45. Rxa7 Rxh3 46. g4 Rg3 47. g5 Rg4 48. Ke3 Rg3+ 49. Ke4 Rg1 50. a5 Ra1 51. a6 Kf8 52. Ra8+ Ke7 53. a7 Kd7 54. Rf8 Ra4+ 55. Ke3 Rxa7 56. Rxf7+ Ke6 57. Rxa7 Kf5 58. Rxh7 Kg6 59. Rh6+ Kf7 60. f5 Kg7 61. f6+ Kf7 62. Rh7+ Kg8 63. f7+ Kf8 64. g6 Ke7 65. Rh8 Ke6 66. f8Q Kd5 67. Qd8+ Ke5 68. Re8+ Kf5 69. Qd5+ Kf6 70. Re6+ Kg7 71. Qh5 Kf8 72. g7+ Kg8 73. Re8+ 1-0